000
00313nam a22001457a 4500
008
210304b ||||| |||| 00| 0 eng d
020
_a
0321758927
041
_a
eng
080
_a
51
082
_a
51
100
_a
37
101
_a
MAT
245
_a
Algebra for College Students
_c
Blitzer, R
942
_2
udc
_c
BK
999
_c
55764
_d
55764